LEADER 01758nam 2200361 n 450 001 996393221503316 005 20221108073300.0 035 $a(CKB)4940000000112528 035 $a(EEBO)2240940516 035 $a(UnM)99872252 035 $a(EXLCZ)994940000000112528 100 $a19841010d1648 uy | 101 0 $aeng 135 $aurbn||||a|bb| 200 12$aA true and ful relation of the officers and Armies forcible seising of divers eminent Members of the Commons House, Decemb. 6. & 7. 1648$b[electronic resource] $eAs also, a true copy of a letter /$flately written by an agent for the Army in Paris, dated 28 of Novemb. 1648, to a Member of the said House, a great creature and patriot of the Army; clearly discovering, that their late remonstrance and proceedings do drive on and promote the Jesuits and Papists designes, to the subversion of religion, Parliament, monarchy, and the fundamental laws and government of the kingdom 210 $aLondon $c[s.n.]$dPrinted in the yeer 1648 215 $a15, [1] p 300 $aAttributed to William Prynne. 300 $aAnnotation on Thomason copy: "Dec: 13". 300 $aReproduction of the original in the British Library. 330 $aeebo-0018 606 $aMonarchy$zGreat Britain$vEarly works to 1800 607 $aGreat Britain$xHistory$yCivil War, 1642-1649$vEarly works to 1800 615 0$aMonarchy 700 $aPrynne$b William$f1600-1669.$0198500 801 0$bCu-RivES 801 1$bCu-RivES 801 2$bCStRLIN 801 2$bWaOLN 906 $aBOOK 912 $a996393221503316 996 $aA true and ful relation of the officers and Armies forcible seising of divers eminent Members of the Commons House, Decemb. 6. & 7. 1648$92419316 997 $aUNISA